The emergence of Brazil to the global stage : ascending and falling in the international order of competition /

Bibliographic Details
Main Author: Paula, Francine Rossone de (Author)
Corporate Author: Taylor & Francis
Format: eBook
Language:English
Published: Abingdon, Oxon ; New York, NY : Routledge, 2018.
Series:Interventions (Routledge (Firm))
Subjects:
Online Access:Connect to the full text of this electronic book

MARC

Tag First Indicator Second Indicator Subfields
LEADER 00000cam a22000001i 4500
001 in00004031339
005 20190416173840.0
006 m |o d |
007 cr |n|||||||||
008 180419t20182018enk ob 001 0 eng d
020 |a 9781351175425 (electronic bk.) 
020 |a 1351175424 (electronic bk.) 
020 |z 9780815386636 
020 |z 081538663X 
024 8 |a 40028110793 
035 |a (NhCcYBP)ybp15130341 
040 |a NhCcYBP  |c NhCcYBP  |d UtOrBLW 
043 |a s-bl--- 
050 4 |a JZ1548  |b .P38 2018 
082 0 4 |a 327.81  |2 23 
100 1 |a Paula, Francine Rossone de,  |e author.  |0 http://id.loc.gov/authorities/names/n2018013426 
245 1 4 |a The emergence of Brazil to the global stage :  |b ascending and falling in the international order of competition /  |c Francine Rossone de Paula. 
264 1 |a Abingdon, Oxon ;  |a New York, NY :  |b Routledge,  |c 2018. 
264 4 |c ©2018 
300 |a 1 online resource. 
336 |a text  |b txt  |2 rdacontent 
337 |a computer  |b c  |2 rdamedia 
338 |a online resource  |b cr  |2 rdacarrier 
490 1 |a Interventions 
504 |a Includes bibliographical references and index. 
588 |a Description based on print version record. 
500 |a Electronic resource. 
651 0 |a Brazil  |x Foreign relations  |y 21st century. 
650 0 |a World politics  |y 21st century.  |0 http://id.loc.gov/authorities/subjects/sh99010754 
655 7 |a Electronic books.  |2 local 
710 2 |a Taylor & Francis.  |0 http://id.loc.gov/authorities/names/n84073022 
776 1 8 |c Original  |z 9780815386636  |z 081538663X  |w (DLC) 2017057442 
830 0 |a Interventions (Routledge (Firm))  |0 http://id.loc.gov/authorities/names/no2009087613 
856 4 0 |u http://proxy.library.tamu.edu/login?url=https://www.taylorfrancis.com/books/9781351175425  |z Connect to the full text of this electronic book  |t 0 
955 |a YBP purchased approval e-records 
980 |b 154.00  |g 1 
999 f f |s 4e344af9-017b-338f-809c-208857eaddc5  |i fcaeef9a-1278-3dfe-8a85-e0f61a39a0c3  |t 0 
952 f f |a Texas A&M University  |b College Station  |c Electronic Resources  |d Available Online  |t 0  |e JZ1548 .P38 2018  |h Library of Congress classification 
998 f f |a JZ1548 .P38 2018  |t 0  |l Available Online